Références du Design #1 - Statistiques

Statistiques générales
  • Ce quiz a été pris 40 fois
    38 depuis la dernière actualisation
  • Le résultat moyen est 3 sur 15
Statistiques - réponses
Par images Réponse % Correct
Sydney Opera House, de Jorn Utzon (1958-1973)
42%
Centre culturel Heydar-Aliyev, de Zaha Hadid (2007-2013)
39%
Réanim, de Studio 5.5 (2004)
39%
Fondation Louis Vuitton, de Frank Gehry (2008-2014)
33%
Sketch Furniture, de Front Design (2005)
33%
Dots Obsession, de Yayoi Kusama (2003)
27%
A Bigger Splash, de David Hockney (1967)
21%
Pasolini, de Ernest Pignon-Ernest (2015)
15%
Robe Soluble, de Hussein Chalayan (2016)
15%
Collection printemps-été 2010, de Viktor and Rolf
12%
Airzone, de Jessica Walsh (2018)
9%
Kicks Like Boom for Pepsi, de Alex Trochut (2012)
9%
Logo Burger King, de Debbie Millman (1999)
9%
Vagues Souvenirs, de Tuomas Markunpoika Tolvanen (2012)
9%
Renewable Clothing, de Fernando Brizio (2008)
6%
Aucun quiz correspondant
Distribution des résultats
% des personnes avec chaque résultat
Percentile par nombre de réponses
Votre historique - résultats
Vous n’avez pas pris ce quiz depuis la dernière actualisation